Normal view
MARC view
- السلوك الاجتماعي - علم النفس الاجتماعي
Entry Topical Term
001 - CONTROL NUMBER
- control field: 9895
003 - CONTROL NUMBER IDENTIFIER
- control field: JO-AjAnu
005 - DATE AND TIME OF LATEST TRANSACTION
- control field: 20230606071906.0
008 - FIXED-LENGTH DATA ELEMENTS
- fixed length control field: 230606|| aca||aabn | a|a d
040 ## - CATALOGING SOURCE
- Original cataloging agency: JO-AjAnu
- Transcribing agency: JO-AjAnu
150 ## - HEADING--TOPICAL TERM
- Topical term or geographic name entry element: السلوك الاجتماعي - علم النفس الاجتماعي
670 ## - SOURCE DATA FOUND
- Source citation: Work cat.: (JO-AjAnu)5099: تأليف : دافيدوف،ليندا ؛ ترجمة : نجيب ألفونس خزام، سيد الطواب ؛ مراجعة : فؤاد أبو حطب, author 9894, السلوك الاجتماعي : الوراثة -البيئة والروابط الاجتماعية